| 000 | 00798nam a22001937a 4500 | ||
|---|---|---|---|
| 003 | BD-ChCU | ||
| 005 | 20250420095039.0 | ||
| 007 | |||
| 008 | 250216b bg ||||| |||| 00| 0 ben d | ||
| 020 | _a9789847767246 | ||
| 040 | _cBD-ChCU | ||
| 082 |
_222 _a২০০.০৯ ইস ৭ হি |
||
| 100 |
_aইসমাইল আল ফারুকী _98718 |
||
| 245 |
_aহিস্ট্রি অব দ্য রিলিজিয়নস / _cইসমাইল আল ফারুকী ও ডেভিড সফার |
||
| 260 |
_aঢাকা : _bঐতিহ্য, _cc২০১৫ |
||
| 300 | _c২২ সে.মি. | ||
| 700 |
_aমামুন, আসাদ ইকবাল _eঅনুবাদক _98719 |
||
| 942 |
_2ddc _cBK _n0 |
||
| 999 |
_c105912 _d105912 |
||